Rejected Daily Trivia #12 - Statistics

General Stats
  • This quiz has been taken 42 times
  • The average score is 5 of 10
Answer Stats
Question Answer % Correct
"Dreams" and "The Chain" are songs by which band? Fleetwood Mac
72%
Which country does the technology firm Siemens come from? Germany
67%
Which historical city in the Levant is famous for its oranges? Jaffa
64%
Who is known as the creator of the Civilization game series? Sid Meier
53%
What is the Maori phrase 'Tino rangatiratanga' often taken to mean? Sovereignty or self-determination
50%
Which of these cities is the oldest (continuously inhabited)? Athens
47%
What is the population of Finland? 5,6 million
44%
Which of these is NOT the name of a current European leader? Marin
44%
Which continent (excluding Antarctica) are orchids NOT native to? Orchids are native to all continents
39%
Which game series features the warring factions of Terran, Protoss and Zerg? StarCraft
33%
No matching quizzes found
Score Distribution
Percent of People with Each Score
Percentile by Number Answered
Your Score History
You have not taken this quiz